000 00318nam a22001337a 4500
008 170830b xxu||||| |||| 00| 0 eng d
020 _a9780495764557
041 _aeng
080 _214 ED
_a070
100 _a070
101 _aMED
245 _aTHE CALLENGE OF EFFECTIVE SPEAKING
_cVERDERBER.V
942 _2udc
_cBK
999 _c25486
_d25486